000 00405nam a22001691a 4500
020 _a9788126414062
082 _aM3
_bRAM/J
100 _aRamanunni K P
245 _aJeevithathinte pusthakam/
_cby Ramanunni K P
250 _a10
260 _aKottayam:
_bD C Books,
_c2021.
300 _a501p.
650 _aNovel Malayalam
650 _aLiterature Malayalam
650 _aLiterature
942 _cBK
999 _c181561
_d181561